| 000 | 00675nam a22002297a 4500 | ||
|---|---|---|---|
| 999 |
_c16463 _d16463 |
||
| 003 | AR-CdUCM | ||
| 008 | 190312b ||||| |||| 00| 0 spa d | ||
| 040 |
_aMUNICIPALIDAD PROVINCIAL DEL CUSCO _cBIBLIOTECA MUNICIPAL DEL CUSCO |
||
| 041 | _hale | ||
| 082 |
_25ed. _a838.9 / _bF36 |
||
| 100 |
_aFeuchtwanger, Lion _91194 |
||
| 245 |
_aGoya : _bNovela / |
||
| 260 |
_aBuenos Aires : _bSelectas, _c1962. |
||
| 300 |
_a383 páginas ; _c20 cm. |
||
| 505 | _aContenido: Novela | ||
| 650 |
_aNovelas alemanas _92845 |
||
| 650 |
_aSiglo XX. _98 |
||
| 650 |
_aNovelas _9218 |
||
| 700 |
_aGregori, Arístides (traductor) _935917 |
||
| 942 |
_2ddc _cLIBROS |
||
| 945 |
_aacv _d2019-05-03 |
||